<?xml version="1.0" encoding="UTF-8"?>
<record
    xmlns:xsi="http://www.w3.org/2001/XMLSchema-instance"
    xsi:schemaLocation="http://www.loc.gov/MARC21/slim http://www.loc.gov/standards/marcxml/schema/MARC21slim.xsd"
    xmlns="http://www.loc.gov/MARC21/slim">

  <leader>04131nam a2200277 a 4500</leader>
  <controlfield tag="001">000028247</controlfield>
  <controlfield tag="005">20250425102839.0</controlfield>
  <controlfield tag="008">110407t2010    dr ac         001 0 spa d</controlfield>
  <datafield tag="020" ind1=" " ind2=" ">
    <subfield code="a">9789945410587</subfield>
  </datafield>
  <datafield tag="040" ind1=" " ind2=" ">
    <subfield code="a">DO-SdBNP</subfield>
    <subfield code="b">spa</subfield>
    <subfield code="c">BNPHU</subfield>
  </datafield>
  <datafield tag="082" ind1=" " ind2=" ">
    <subfield code="a">972.93053</subfield>
    <subfield code="b">A989L</subfield>
  </datafield>
  <datafield tag="100" ind1="1" ind2=" ">
    <subfield code="a">Ayuso, Juan Jos&#xE9;,</subfield>
    <subfield code="d">1940-</subfield>
    <subfield code="9">15819</subfield>
  </datafield>
  <datafield tag="245" ind1="1" ind2="0">
    <subfield code="a">Lucha contra Trujillo 1930-1961 /</subfield>
    <subfield code="c">Juan Jos&#xE9; Ayuso.</subfield>
  </datafield>
  <datafield tag="260" ind1=" " ind2=" ">
    <subfield code="a">Santo Domingo :</subfield>
    <subfield code="b">Letra Gr&#xE1;fica,</subfield>
    <subfield code="c">2010.</subfield>
  </datafield>
  <datafield tag="300" ind1=" " ind2=" ">
    <subfield code="a">397 p. :</subfield>
    <subfield code="b">il., retrs. ;</subfield>
    <subfield code="c">23 cm.</subfield>
  </datafield>
  <datafield tag="500" ind1=" " ind2=" ">
    <subfield code="a">Incluye &#xED;ndice onom&#xE1;stico.</subfield>
  </datafield>
  <datafield tag="504" ind1=" " ind2=" ">
    <subfield code="a">Incluye bibliograf&#xED;a y notas al pie de las p&#xE1;ginas.</subfield>
  </datafield>
  <datafield tag="504" ind1=" " ind2=" ">
    <subfield code="a">Bibliograf&#xED;a : p. 351-354.</subfield>
  </datafield>
  <datafield tag="505" ind1="0" ind2=" ">
    <subfield code="g">A los h&#xE9;roes sin nombre /</subfield>
    <subfield code="r">Federico Berm&#xFA;dez (1884-1921) --</subfield>
    <subfield code="g">I. El establecimiento de una tiran&#xED;a :</subfield>
    <subfield code="t">A sangre y fuego ;</subfield>
    <subfield code="t">El asesinato de Mart&#xED;nez Reyna y su esposa Altagracia ;</subfield>
    <subfield code="t">Los generales Paredes, Larancuent y Estrella ;</subfield>
    <subfield code="t">El general Cipriano Bencosme ;</subfield>
    <subfield code="t">El general Peralta, T&#xED;o S&#xE1;nchez ;</subfield>
    <subfield code="t">El general Desiderio Arias : El pertinaz cacique de las montoneras ;</subfield>
    <subfield code="t">Levantamiento y asesinato del general Arias ;</subfield>
    <subfield code="t">Maniel, Cuba. Quero Savi&#xF1;&#xF3;n, La Vega ;</subfield>
    <subfield code="t">El complot de Santiago en 1934 ;</subfield>
    <subfield code="t">Investigaci&#xF3;n y apreciaci&#xF3;n de Arvelo ;</subfield>
    <subfield code="t">Investigaci&#xF3;n y apreciaci&#xF3;n de Cordero Michel ;</subfield>
    <subfield code="t">Investigaci&#xF3;n y apreciaci&#xF3;n de Mej&#xED;a ;</subfield>
    <subfield code="t">La lista del juez ;</subfield>
    <subfield code="t">La conspiraci&#xF3;n de Santo Domingo en 1935 ;</subfield>
    <subfield code="t">El sector econ&#xF3;mico m&#xE1;s poderoso ;</subfield>
    <subfield code="t">Sectores militares ;</subfield>
    <subfield code="t">Movimiento obrero y acci&#xF3;n pol&#xED;tica 1940-1947 : Un interludio de tolerancia ;</subfield>
    <subfield code="t">Los cuarenta: auge de las ideas y luchas democr&#xE1;ticas ;</subfield>
    <subfield code="t">El movimiento obrero ;</subfield>
    <subfield code="t">Gal&#xED;ndez ;</subfield>
    <subfield code="t">Capdevila ;</subfield>
    <subfield code="t">Vega ;</subfield>
    <subfield code="t">La pol&#xED;tica antitrujillista sale a la calle ;</subfield>
    <subfield code="t">Las memorias de D&#xED;az Grull&#xF3;n ;</subfield>
    <subfield code="t">Investigaci&#xF3;n de Capdevila ;</subfield>
    <subfield code="t">Un interludio de tolerancia ;</subfield>
    <subfield code="t">Procedencia socioecon&#xF3;mica de dirigentes y miembros del PSP --</subfield>
    <subfield code="g">II. Cayo Confite y Luper&#xF3;n : La lucha sin descanso del general Juan (Juancito) Rodr&#xED;guez Garc&#xED;a :</subfield>
    <subfield code="t">El luchador permanente ;</subfield>
    <subfield code="t">1947 : La ilusi&#xF3;n de Cayo Confite ;</subfield>
    <subfield code="t">1949 : Luper&#xF3;n, seg&#xFA;n el comandante Ornes Coiscou ;</subfield>
    <subfield code="t">Y seg&#xFA;n Arvelo ;</subfield>
    <subfield code="t">La cr&#xED;tica del General Bayo ;</subfield>
    <subfield code="t">La expedici&#xF3;n de Batista Clisante en 1958 --</subfield>
    <subfield code="g">III. La mentalidad impuesta por la tiran&#xED;a. La comunicaci&#xF3;n cautiva. Enero de 1959 a Diciembre de 1961 :</subfield>
    <subfield code="t">El silencio ;</subfield>
    <subfield code="t">Cronolog&#xED;as de la Naci&#xF3;n y El Caribe ;</subfield>
    <subfield code="t">Una versi&#xF3;n particular de la tiran&#xED;a --</subfield>
    <subfield code="g">Cap&#xED;tulo cuatro : De Pinar del R&#xED;o a Constanza, Maim&#xF3;n y Estero Hondo. Las expediciones del 14 y 20 de Junio --</subfield>
  </datafield>
  <datafield tag="505" ind1="0" ind2=" ">
    <subfield code="g">IV. De Pinar del R&#xED;o a Constanza, Maim&#xF3;n y Estero Hondo. Las expediciones del 14 y 20 de Junio :</subfield>
    <subfield code="t">Testimonios. Investigaci&#xF3;n ;</subfield>
    <subfield code="t">El testimonio vivo de Puigsubir&#xE1; Mini&#xF1;o ;</subfield>
    <subfield code="t">Vargas y Vargas : recuerdos ;</subfield>
    <subfield code="t">G&#xF3;mez Ochoa: 39 a&#xF1;os despu&#xE9;s ;</subfield>
    <subfield code="t">Pou Saleta En busca de la libertad ;</subfield>
    <subfield code="t">Germ&#xE1;n, de Cayo Confite a Constanza ;</subfield>
    <subfield code="t">Del&#xE1;ncer: Primavera 1959 ;</subfield>
    <subfield code="t">El libro de Abreu Cardet y el pr&#xF3;logo de Cordero Michel ;</subfield>
    <subfield code="t">Anselmo Brache Batista : geograf&#xED;a de las expediciones ;</subfield>
    <subfield code="t">ABB. Los expedicionarios ;</subfield>
    <subfield code="t">Constanza. Grupo G&#xF3;mez Ochoa ;</subfield>
    <subfield code="t">Expedicionarios por Maim&#xF3;n y Estero Hondo ;</subfield>
    <subfield code="t">La expediciones de 1959 y la pertinencia de su an&#xE1;lisis socioecon&#xF3;mico ;</subfield>
    <subfield code="t">La conspiraci&#xF3;n de los sargentos de la aviaci&#xF3;n --</subfield>
    <subfield code="g">V. La conspiraci&#xF3;n del Movimiento Revoluvionario 14 de Junio. La clase media se vuelca contra el tirano :</subfield>
    <subfield code="t">A principios de enero de 1960 ;</subfield>
    <subfield code="t">Nombres y fotograf&#xED;as ;</subfield>
    <subfield code="t">Pol&#xED;tica de efecto contrario ;</subfield>
    <subfield code="t">Los panfleteros de Santiago ;</subfield>
    <subfield code="t">El MPD: Lucha interna o Trujillo siempre ;</subfield>
    <subfield code="t">El asesinato de las Hermanas Mirabal --</subfield>
    <subfield code="g">VI. Bibliograf&#xED;as: Literatura pol&#xED;tica del exilio y literatura pol&#xED;tica trujillista :</subfield>
    <subfield code="t">Explicaci&#xF3;n ;</subfield>
    <subfield code="t">Literatura pol&#xED;tica del exilio ;</subfield>
    <subfield code="t">Otros importantes libros del exilio ;</subfield>
    <subfield code="t">Literatura pol&#xED;tica trujillista ;</subfield>
    <subfield code="t">La perversidad sin l&#xED;mites del trujillismo ;</subfield>
    <subfield code="t">Cay&#xF3; el tirano, no la tiran&#xED;a ;</subfield>
    <subfield code="t">30 de mayo de 1961 ;</subfield>
    <subfield code="t">El pueblo, s&#xED; ;</subfield>
    <subfield code="t">Carl Sandburg (1878-1967) --</subfield>
    <subfield code="g">Bibliograf&#xED;a --</subfield>
    <subfield code="g">&#xCD;ndice de nombres.</subfield>
  </datafield>
  <datafield tag="600" ind1="1" ind2="0">
    <subfield code="a">Trujillo Molina, Rafael Le&#xF3;nidas,</subfield>
    <subfield code="d"> 1891-1961</subfield>
    <subfield code="9">76764</subfield>
  </datafield>
  <datafield tag="650" ind1=" " ind2="4">
    <subfield code="a">Persecuciones pol&#xED;ticas</subfield>
    <subfield code="9">6046</subfield>
  </datafield>
  <datafield tag="650" ind1=" " ind2="0">
    <subfield code="a">Resistencia civil</subfield>
    <subfield code="9">44220</subfield>
  </datafield>
  <datafield tag="910" ind1=" " ind2=" ">
    <subfield code="a">Validado. Control de calidad EMS.</subfield>
  </datafield>
  <datafield tag="049" ind1=" " ind2=" ">
    <subfield code="a">BNPD</subfield>
  </datafield>
  <datafield tag="952" ind1=" " ind2=" ">
    <subfield code="0">0</subfield>
    <subfield code="1">0</subfield>
    <subfield code="5">4</subfield>
    <subfield code="7">0</subfield>
    <subfield code="8">DS</subfield>
    <subfield code="a">GR</subfield>
    <subfield code="b">GR</subfield>
    <subfield code="c">HD</subfield>
    <subfield code="d">2011-04-07</subfield>
    <subfield code="i">LF1</subfield>
    <subfield code="l">0</subfield>
    <subfield code="o">972.93053 A989L</subfield>
    <subfield code="p">28247-30</subfield>
    <subfield code="r">2020-06-25</subfield>
    <subfield code="t">e. 3</subfield>
    <subfield code="w">2020-06-25</subfield>
    <subfield code="y">LFDS</subfield>
    <subfield code="Z">Pr&#xE9;stamo en sala</subfield>
  </datafield>
  <datafield tag="952" ind1=" " ind2=" ">
    <subfield code="0">0</subfield>
    <subfield code="1">0</subfield>
    <subfield code="5">4</subfield>
    <subfield code="7">0</subfield>
    <subfield code="8">DS</subfield>
    <subfield code="a">GR</subfield>
    <subfield code="b">GR</subfield>
    <subfield code="c">HD</subfield>
    <subfield code="d">2013-05-20</subfield>
    <subfield code="i">LF1</subfield>
    <subfield code="l">0</subfield>
    <subfield code="o">972.93053 A989L</subfield>
    <subfield code="p">28247-40</subfield>
    <subfield code="r">2020-06-25</subfield>
    <subfield code="t">e. 4</subfield>
    <subfield code="w">2020-06-25</subfield>
    <subfield code="y">LFDS</subfield>
    <subfield code="Z">Pr&#xE9;stamo en sala</subfield>
  </datafield>
  <datafield tag="952" ind1=" " ind2=" ">
    <subfield code="0">0</subfield>
    <subfield code="1">0</subfield>
    <subfield code="5">4</subfield>
    <subfield code="7">0</subfield>
    <subfield code="8">DS</subfield>
    <subfield code="a">GR</subfield>
    <subfield code="b">GR</subfield>
    <subfield code="c">HD</subfield>
    <subfield code="d">2013-05-22</subfield>
    <subfield code="i">LF1</subfield>
    <subfield code="l">0</subfield>
    <subfield code="o">972.93053 A989L</subfield>
    <subfield code="p">28247-50</subfield>
    <subfield code="r">2020-06-25</subfield>
    <subfield code="t">e. 5</subfield>
    <subfield code="w">2020-06-25</subfield>
    <subfield code="y">LFDS</subfield>
    <subfield code="Z">Pr&#xE9;stamo en sala</subfield>
  </datafield>
  <datafield tag="952" ind1=" " ind2=" ">
    <subfield code="0">0</subfield>
    <subfield code="1">0</subfield>
    <subfield code="7">1</subfield>
    <subfield code="8">PD</subfield>
    <subfield code="a">PD</subfield>
    <subfield code="b">PD</subfield>
    <subfield code="c">HD</subfield>
    <subfield code="d">2011-04-07</subfield>
    <subfield code="i">LF1</subfield>
    <subfield code="l">0</subfield>
    <subfield code="o">972.93053 A989L</subfield>
    <subfield code="p">28247-10</subfield>
    <subfield code="r">2020-06-25</subfield>
    <subfield code="w">2020-06-25</subfield>
    <subfield code="y">LFPD</subfield>
    <subfield code="Z">No se presta</subfield>
  </datafield>
  <datafield tag="952" ind1=" " ind2=" ">
    <subfield code="0">0</subfield>
    <subfield code="1">0</subfield>
    <subfield code="7">1</subfield>
    <subfield code="8">PD</subfield>
    <subfield code="a">PD</subfield>
    <subfield code="b">PD</subfield>
    <subfield code="c">HD</subfield>
    <subfield code="d">2011-04-07</subfield>
    <subfield code="i">LF1</subfield>
    <subfield code="l">0</subfield>
    <subfield code="o">972.93053 A989L</subfield>
    <subfield code="p">28247-20</subfield>
    <subfield code="r">2020-06-25</subfield>
    <subfield code="t">e. 2</subfield>
    <subfield code="w">2020-06-25</subfield>
    <subfield code="y">LFPD</subfield>
    <subfield code="Z">No se presta</subfield>
  </datafield>
  <datafield tag="999" ind1=" " ind2=" ">
    <subfield code="c">27739</subfield>
    <subfield code="d">27739</subfield>
  </datafield>
</record>
